Linux device drivers

This book is for anyone who wants to support computer peripherals under the Linux operating system or who wants to develop new hardware and run it under Linux. Linux is the fastest-growing segment of the UNIX market and is winning over enthusiastic adherents in many application areas. This book reve...

Descripción completa

Guardado en:
Detalles Bibliográficos
Autor principal: Rubini, Alessandro
Formato: Libro
Lenguaje:Undetermined
Publicado: Sebastopol, CA O'Reilly & Associates, Inc. 1998
Materias:
Etiquetas: Agregar Etiqueta
Sin Etiquetas, Sea el primero en etiquetar este registro!
Thư viện lưu trữ: Trung tâm Học liệu Trường Đại học Cần Thơ
LEADER 01647nam a2200193Ia 4500
001 CTU_232389
008 210402s9999 xx 000 0 und d
082 |a 005.4 
082 |b R896 
100 |a Rubini, Alessandro 
245 0 |a Linux device drivers 
245 0 |c Alessandro Rubini 
260 |a Sebastopol, CA 
260 |b O'Reilly & Associates, Inc. 
260 |c 1998 
520 |a This book is for anyone who wants to support computer peripherals under the Linux operating system or who wants to develop new hardware and run it under Linux. Linux is the fastest-growing segment of the UNIX market and is winning over enthusiastic adherents in many application areas. This book reveals information that heretofore has been passed by word-of-mouth or in cryptic source code comments, showing how to write a driver for a wide range of devices.You don't have to be a kernel hacker to understand and enjoy this book; all you need is an understanding of C and some background in UNIX system calls. Drivers for character devices, block devices, and network interfaces are all described in step-by-step form and are illustrated with full-featured examples that show driver design issues, which can be executed without special hardware.For those who are curious about how an operating system does its job, this book provides insights into address spaces, asynchronous events, and I/O.Portability is a major concern in the text. 
650 |a Trình điều khiển thiết bị Linux (Chương trình máy tính),Linux device drivers (Computer programs) 
910 |b dqhieu 
980 |a Trung tâm Học liệu Trường Đại học Cần Thơ